| 000 -LEADER |
| fixed length control field |
00986nam a2200229Ia 4500 |
| 001 - CONTROL NUMBER |
| control field |
11175 |
| 003 - CONTROL NUMBER IDENTIFIER |
| control field |
GE_BSU |
| 008 - FIXED-LENGTH DATA ELEMENTS--GENERAL INFORMATION |
| fixed length control field |
181216s||||||||xx |||||||||||||| ||und|| |
| 040 ## - CATALOGING SOURCE |
| Transcribing agency |
GE_BSU |
| 080 ## - UNIVERSAL DECIMAL CLASSIFICATION NUMBER |
| Universal Decimal Classification number |
52(075.8) |
| 100 ## - MAIN ENTRY--PERSONAL NAME |
| Personal name |
ხარაძე ე. |
| 245 ## - TITLE STATEMENT |
| Title |
ზოგადი ასტროფიზიკის კურსი |
| 245 ## - TITLE STATEMENT |
| Remainder of title |
ასტროფიზიკის დაკვირვება-გამოკვლევების მეთოდები და ხელსაწყოები |
| 245 ## - TITLE STATEMENT |
| Statement of responsibility, etc. |
რედ. მ.კოლხიდაშვილი |
| 260 ## - PUBLICATION, DISTRIBUTION, ETC. |
| Place of publication, distribution, etc. |
თბილისი. |
| 260 ## - PUBLICATION, DISTRIBUTION, ETC. |
| Name of publisher, distributor, etc. |
თბილისის სახ. უნ–ტის გამ–ბა. |
| 260 ## - PUBLICATION, DISTRIBUTION, ETC. |
| Date of publication, distribution, etc. |
1961. |
| 300 ## - PHYSICAL DESCRIPTION |
| Extent |
482გვ.24სმ. |
| 300 ## - PHYSICAL DESCRIPTION |
| Accompanying material |
ილ;ავტორებისა და საგანთა საძიებელი |
| 653 ## - INDEX TERM--UNCONTROLLED |
| Uncontrolled term |
ზოგადი ასტროფიზიკის კურსი |
| 942 ## - ADDED ENTRY ELEMENTS (KOHA) |
| Koha item type |
წიგნი |